000 00640aam a2200241 4500
005 20260417155608.0
008 150717b1986 xxu||||| |||| 00| 0 spa d
020 _a9501403483
041 _aESP
082 _a365.3 G216d
100 _aGarcía Valdés, Carlos
_914309
245 _aDroga e institución penitenciaria: droga y privación de la libertad
260 _aArgentina
260 _bDepalma
260 _c1986
300 _a94 páginas
490 _aInvestigación Criminal
650 _aPENITENCIARIAS
650 _aDROGAS
650 _aINSTITUCIONES PENITENCIARIAS
650 _aPRIVACIÓN DE LIBERTAD
942 _cBK
_2ddc
999 _c47
_d47